000 00776na a2200253 4500
001 19840
003 MIRAKIL
005 20181213155109.0
008 161227b tu 000 0
020 _a9751906652
040 _aMilas
_btur
_cTR-AnCHP
041 _atur
082 _a337.142
_bA86 1993
090 _a337.142 A86 1993
245 _aAvrupa topluluğu ve Türkiye
_cHazine ve Dış Ticaret Müsteşarlığı
250 _agözd. gçrl. 2. bs.
260 _aAnkara
_bAvrupa Topluluğu Koordinasyon Genel Müdürlüğü
_c1993
300 _a311 s.
_c24 sm.
504 _aKaynakça var.
650 _aAvrupa Topluluğu
_xEkonomik anlaşmalar
651 _aTürkiye
_xAvrupa Birliği
710 _aHazine ve Dış Ticaret Müsteşarlığı
942 _2ddc
_cBKS
999 _c6512
_d6512